Loading...
| Science - Other Science | 1 | 4 | 1 | 1 | 50 | 68 | 86.80 | 5 | 5 |
| Social Science | 2 | 1 | 1 | 0 | 35 | 31 | 77.67 | 2 | 3 |
| Science - Biology | 2 | 1 | 2 | 0 | 30 | 48 | 62.67 | 2 | 3 |
| History - American History | 0 | 2 | 0 | 1 | 20 | 93 | 109.00 | 0 | 2 |
| Religion | 0 | 2 | 0 | 0 | 20 | 71 | 106.50 | 2 | 2 |
| History - World History | 0 | 2 | 0 | 2 | 20 | 122 | 125.00 | 0 | 2 |
| Philosophy | 0 | 1 | 0 | 1 | 10 | 134 | 134.00 | 0 | 1 |
| Fine Arts - Other Fine Arts | 0 | 1 | 0 | 0 | 10 | 123 | 123.00 | 1 | 1 |
| History - European History | 0 | 1 | 0 | 1 | 10 | 129 | 129.00 | 0 | 1 |
| Current Events | 0 | 1 | 0 | 0 | 10 | 72 | 72.00 | 0 | 1 |
| Pop Culture | 0 | 1 | 0 | 0 | 10 | 110 | 110.00 | 1 | 1 |
| Science - Physics | 0 | 1 | 0 | 0 | 10 | 74 | 74.00 | 1 | 1 |
| Literature - British Literature | 0 | 1 | 1 | 0 | 5 | 112 | 112.00 | 1 | 1 |
| Geography | 0 | 0 | 1 | 0 | -5 | 0.00 | 0 | 0 |